| 000 | 00759nam a2200229 i 4500 | ||
|---|---|---|---|
| 001 | 68884 | ||
| 003 | ES-MaACL | ||
| 005 | 20250809050552.0 | ||
| 007 | t| | ||
| 008 | 040721s2000 sp ||||1| spa d | ||
| 020 | _a84-460-1452-1 | ||
| 080 | _a167.5(4) | ||
| 100 | 1 |
_aBlanco, Rogelio. _929204 |
|
| 245 | 1 | 3 |
_aLa ciudad ausente _b: utopía y utopismo en el pensamiento occidental / _cRogelio Blanco Martínez. |
| 260 |
_aTres Cantos (Madrid) : _bAkal, _c[2000] |
||
| 300 |
_a245 p. ; _c22 cm. |
||
| 490 | 1 |
_aAkal universitaria ; _v213. _aSerie interdisciplinar |
|
| 650 | 1 | 4 |
_aUtopías- _zEuropa. _917723 |
| 830 | 0 | 0 |
_aAkal universitaria. _pInterdisciplinar _v213. _9183236 |
| 852 |
_aES-MaACL _jL-28101 _bR.134115 |
||
| 999 |
_c68884 _d68884 |
||